=LDR 00000nam 2200000 4500 =001 INLIS000000000003134 =005 20250220090009 =035 ##$$a 0010-0225000424 =007 ta =008 250220###########################0#ind## =020 ##$$a - =082 ##$$a 304.66 =084 ##$$a 304.66 PEN =245 ##$$a Pengetahuan Sikap dan Praktek Terhadap Keluarga Berencana Golongan Minoritas di Daerah Istimewa Yokyakarta : $b - /$c Drs. Marzuli:Drs.M mun` =260 ##$$a Jakarta :$b Badan Kependudukan dan Keluarga Berencana Nasional =300 ##$$a 281 : $b ilustrasi ; $c 23 cm$e - =650 #4$$a program kb